[Event "Frankfurt Ch 2008"]
[Site "Ffm-Kalbach, LAZ"]
[Date "2008.05.05"]
[Round "2.31"]
[White "Bittner, Peter"]
[Black "Noblé, Alexander"]
[Result "0-1"]
[WhiteElo "1966"]
[BlackElo "2077"]
[PlyCount "68"]
[EventDate "2008.??.??"]

1. e4 d6 2. d4 Nf6 3. Nc3 c6 4. h3 Qa5 5. Bd2 Qb6 6. Nf3 e6 7. Rb1 d5 8. exd5
cxd5 9. Bd3 Nc6 10. Ne2 Bd7 11. c3 Be7 12. O-O O-O 13. Be3 Na5 14. Ne5 Bb5 15.
b4 Bxd3 16. Qxd3 Nc6 17. Bg5 Qc7 18. f4 Rac8 19. Bxf6 Bxf6 20. Rbc1 Rfd8 21.
Rf3 Qb6 22. Kh2 a6 23. Ng4 Be7 24. a4 Bd6 25. Rg3 g6 26. h4 Qc7 27. h5 Ne7 28.
Ne5 Nf5 29. hxg6 Nxg3 30. gxf7+ Kh8 31. Nxg3 Bxe5 32. fxe5 Rf8 33. Nh5 Rxf7 34.
Nf6 Rxf6 0-1

[Event "Frankfurt Ch 2008"]
[Site "Ffm-Kalbach, LAZ"]
[Date "2008.05.05"]
[Round "2.33"]
[White "Kreiling, Carsten"]
[Black "Schwabe, Michael"]
[Result "1-0"]
[WhiteElo "2126"]
[BlackElo "1647"]
[PlyCount "51"]
[EventDate "2008.??.??"]

1. d4 c6 2. c4 d5 3. Nf3 Nf6 4. Nc3 a6 5. g3 b5 6. c5 Nbd7 7. Bg2 g6 8. O-O Bg7
9. Bd2 O-O 10. b4 Ne4 11. a4 Bb7 12. Qc2 Nxd2 13. Qxd2 e5 14. e4 exd4 15. Nxd4
Ne5 16. Rfd1 Nc4 17. Qc2 Re8 18. exd5 cxd5 19. c6 Bxc6 20. Nxc6 Qf6 21. Nxd5
Qb2 22. Qxb2 Nxb2 23. Nc7 Nxd1 24. Rxd1 Re2 25. axb5 Rc8 26. b6 1-0

[Event "Frankfurt Ch 2008"]
[Site "Ffm-Kalbach, LAZ"]
[Date "2008.05.05"]
[Round "2.34"]
[White "Syed, Tareq"]
[Black "Kronenburg, Thorsten"]
[Result "1-0"]
[WhiteElo "2124"]
[BlackElo "1564"]
[PlyCount "59"]
[EventDate "2008.??.??"]

1. b3 d6 2. Bb2 Nf6 3. g3 g6 4. Bg2 Bg7 5. Nf3 O-O 6. O-O e5 7. c4 Nc6 8. Nc3
Nd7 9. e3 f5 10. d4 h6 11. Qd2 g5 12. dxe5 Ndxe5 13. Nxe5 Nxe5 14. Ne2 Qe7 15.
Rad1 Rd8 16. c5 Be6 17. cxd6 Rxd6 18. Qc2 c6 19. Ba3 Rad8 20. Bxd6 Rxd6 21. Qc5
Nf7 22. Qxa7 g4 23. Nf4 Bd5 24. Nxd5 cxd5 25. Bxd5 Rxd5 26. Rxd5 Ng5 27. Qa4 b5
28. Rxb5 Qe8 29. Rxf5 Qh5 30. Rxg5 1-0

[Event "Frankfurt Ch 2008"]
[Site "Ffm-Kalbach, LAZ"]
[Date "2008.05.05"]
[Round "2.35"]
[White "Göbel, Andreas"]
[Black "Nagel, Norbert"]
[Result "1-0"]
[WhiteElo "2052"]
[BlackElo "1708"]
[PlyCount "97"]
[EventDate "2008.??.??"]

1. Nf3 g6 2. g3 Bg7 3. Bg2 Nf6 4. d3 O-O 5. O-O c5 6. c3 Nc6 7. Qa4 d6 8. Qh4
Rb8 9. Bg5 Ne5 10. Nxe5 dxe5 11. Nd2 b6 12. Nc4 Nd5 13. e4 f6 14. exd5 fxg5 15.
Qxg5 Bf6 16. Qd2 e6 17. Ne3 exd5 18. Nxd5 Bg7 19. Rae1 b5 20. c4 a5 21. b3 a4
22. Qe3 Qd6 23. Qg5 Rf7 24. cxb5 Rxb5 25. Nc3 Ra5 26. Nxa4 Bf6 27. Qd2 Raa7 28.
Qc2 Rfc7 29. Rc1 Be7 30. Rfe1 Bf5 31. Qc4+ Kg7 32. Be4 Be6 33. Qc3 Qd4 34. Kg2
Bg5 35. Qxd4 cxd4 36. Rxc7+ Rxc7 37. Re2 Bd7 38. Nb2 Rc1 39. Nc4 Kf6 40. h4 Bh6
41. a4 Be6 42. Ra2 Rb1 43. a5 Bf8 44. a6 Bc5 45. Nd2 Rd1 46. Bf3 Rxd2 47. Rxd2
Bxb3 48. Rb2 Ba4 49. Rb7 1-0

[Event "Frankfurt Ch 2008"]
[Site "Ffm-Kalbach, LAZ"]
[Date "2008.05.05"]
[Round "2.36"]
[White "Honert, Stefan"]
[Black "Mustafa, Wail"]
[Result "0-1"]
[WhiteElo "1289"]
[BlackElo "2104"]
[PlyCount "66"]
[EventDate "2008.??.??"]

1. d4 d5 2. c4 c6 3. Nf3 dxc4 4. e3 b5 5. Nc3 e6 6. a3 Nf6 7. Be2 Nbd7 8. O-O
Bb7 9. b3 cxb3 10. Qxb3 a6 11. Rd1 Be7 12. Bb2 O-O 13. Rac1 Qa5 14. Nb1 Rac8
15. Bc3 Qb6 16. Nbd2 c5 17. Ne5 Nxe5 18. dxe5 Nd5 19. Ne4 c4 20. Qb2 Nxe3 21.
Rd4 Nf5 22. Nf6+ Bxf6 23. exf6 e5 24. Rg4 Qxf6 25. Bxc4 Rxc4 26. Rxc4 Qg5 27.
f4 exf4 28. Rc5 f3 29. Rxf5 Qxf5 30. Rf1 Rc8 31. Qd2 h6 32. Bb2 Rc2 33. Rxf3
Bxf3 0-1

[Event "Frankfurt Ch 2008"]
[Site "Ffm-Kalbach, LAZ"]
[Date "2008.05.05"]
[Round "2.37"]
[White "Kolker, Vladislav"]
[Black "Vogelgesang, Marc"]
[Result "1-0"]
[WhiteElo "2091"]
[BlackElo "1594"]
[PlyCount "27"]
[EventDate "2008.??.??"]

1. e4 d5 2. exd5 Nf6 3. c4 c6 4. d4 cxd5 5. Nc3 dxc4 6. Bxc4 e6 7. Nf3 Be7 8.
O-O O-O 9. Qe2 Nbd7 10. Re1 Nb6 11. Bb3 Nbd5 12. Bg5 b6 13. Nxd5 Nxd5 14. Bxd5
1-0

[Event "Frankfurt Ch 2008"]
[Site "Ffm-Kalbach, LAZ"]
[Date "2008.05.05"]
[Round "2.39"]
[White "Sallwey, Rainer"]
[Black "Ganjian, Mehrdad"]
[Result "0-1"]
[WhiteElo "1568"]
[BlackElo "1803"]
[PlyCount "58"]
[EventDate "2008.??.??"]

1. d4 c6 2. Nf3 d5 3. e3 Nf6 4. Bd3 Bg4 5. Nbd2 Nbd7 6. Be2 Qc7 7. c3 e5 8.
dxe5 Ne4 9. O-O Bc5 10. Nd4 Bxe2 11. Qxe2 Nxe5 12. N2f3 Ng4 13. h3 Ngf6 14. Nb3
Bd6 15. c4 g5 16. cxd5 g4 17. hxg4 Rg8 18. g5 Nxg5 19. Nxg5 Rxg5 20. f4 Rxd5
21. Bd2 O-O-O 22. e4 Bc5+ 23. Be3 Nxe4 24. Rfc1 Bxe3+ 25. Qxe3 Qb6 26. Qxb6
axb6 27. Re1 f5 28. g4 Rg8 29. g5 h6 0-1

[Event "Frankfurt Ch 2008"]
[Site "Ffm-Kalbach, LAZ"]
[Date "2008.05.05"]
[Round "2.40"]
[White "Schreyer, Alois"]
[Black "Popp, Matthias"]
[Result "1/2-1/2"]
[WhiteElo "2113"]
[BlackElo "1538"]
[PlyCount "73"]
[EventDate "2008.??.??"]

1. e4 c5 2. Nf3 Nc6 3. Bb5 Nf6 4. Nc3 e6 5. e5 Nd5 6. O-O Be7 7. Ne2 Qc7 8. d4
cxd4 9. Bxc6 bxc6 10. Qxd4 O-O 11. a3 f6 12. c4 fxe5 13. Nxe5 Bf6 14. f4 Ne7
15. Qe4 Qb6+ 16. Kh1 d5 17. Qe3 Nf5 18. Qxb6 axb6 19. Nxc6 dxc4 20. Ne5 b5 21.
Bd2 Bb7 22. Ng3 Nxg3+ 23. hxg3 Bxe5 24. fxe5 Rxf1+ 25. Rxf1 Rf8 26. Kg1 Rxf1+
27. Kxf1 h5 28. Kf2 Kf7 29. Bb4 Ke8 30. Kg1 Kd7 31. Bf8 g6 32. Kf2 Kc6 33. Bb4
Kd5 34. Bc3 Ke4 35. Ke2 Bc6 36. Kf2 Kd3 37. Bb4 1/2-1/2

[Event "Frankfurt Ch 2008"]
[Site "Ffm-Kalbach, LAZ"]
[Date "2008.05.05"]
[Round "2.41"]
[White "Grunenberg, Sven"]
[Black "Sarközy, Benjamin"]
[Result "0-1"]
[WhiteElo "1542"]
[BlackElo "1787"]
[PlyCount "66"]
[EventDate "2008.??.??"]

1. g4 e5 2. d3 Bc5 3. Bg2 d6 4. c4 Nc6 5. e3 Nge7 6. a3 a5 7. Nc3 Be6 8. Qb3
O-O 9. h3 f5 10. g5 f4 11. Bd2 fxe3 12. fxe3 Rb8 13. O-O-O Nf5 14. Bd5 Bxd5 15.
Nxd5 Nce7 16. d4 exd4 17. e4 Nh4 18. Ne2 Rf3 19. Qa4 c6 20. Bxa5 b6 21. Nf6+
gxf6 22. gxf6 Neg6 23. Be1 b5 24. Qa6 Qxf6 25. Qxc6 bxc4 26. Rg1 c3 27. Bxh4
cxb2+ 28. Kb1 Qxh4 29. Nxd4 Re3 30. Qd5+ Kh8 31. Nc2 Qxe4 32. Qh5 Rxa3 33. Rde1
Ra1# 0-1

[Event "Frankfurt Ch 2008"]
[Site "Ffm-Kalbach, LAZ"]
[Date "2008.05.05"]
[Round "2.42"]
[White "Genis, Roy"]
[Black "Tramnitz, Christian"]
[Result "1-0"]
[WhiteElo "1917"]
[BlackElo "1529"]
[PlyCount "0"]
[EventDate "2008.??.??"]
[WhiteTeam "SG 1945 Dietzenbach"]
[BlackTeam "SC Nidderau"]

 1. e4 e5 2. Nf3 Nc6 3. d4 f6 4. d5 Nce7 5. Bc4 Ng6 6. Nc3 a6 7. Be3 Bb4 8. Qd2 d6
9. h3 N8e7 10. a3 Ba5 11. b4 Bb6 12. 0-0 0-0 13. a4 f5 14. a5 fxe4 15. Nxe4 Ba7
16. Bxa7 Rxa7 17. Bb3 Bxh3 18. Qe3 Bg4 19. Qxa7 Bxf3 20 Ng5 Bg4 21. f3 Bd7 22. Ne6 Bxe6
23. dxe6 Kh8 24. Qxb7 Nf4 25. Rfe1 Nf5 26. Re4 Qg5 27. Rxf4 exf4 28. Qd5 Nh4 29. Qxg5
1-0

[Event "Frankfurt Ch 2008"]
[Site "Ffm-Kalbach, LAZ"]
[Date "2008.05.05"]
[Round "2.43"]
[White "Knott, Tilo"]
[Black "Ostermeier, Thorsten"]
[Result "0-1"]
[WhiteElo "1510"]
[BlackElo "1943"]
[PlyCount "64"]
[EventDate "2008.??.??"]

1. d4 d5 2. Nc3 Nf6 3. Bg5 Nbd7 4. Nf3 e6 5. e3 c5 6. Be2 Qb6 7. Rb1 h6 8. Bh4
cxd4 9. exd4 Bb4 10. O-O Bxc3 11. bxc3 Qa5 12. c4 Qxa2 13. Ra1 Qb2 14. Rb1 Qa3
15. c5 Qa5 16. c4 Ne4 17. cxd5 exd5 18. Ra1 Qc7 19. Qd3 O-O 20. Nd2 Qf4 21. Nf3
Ndf6 22. Bg3 Nxg3 23. fxg3 Qc7 24. Ne5 Nd7 25. Ng4 Qc6 26. Bd1 f5 27. Rxf5 Rxf5
28. Qxf5 Nxc5 29. Qf3 Bxg4 30. Qxg4 Ne4 31. Ba4 Qc3 32. Qd1 Qe3+ 0-1

[Event "Frankfurt Ch 2008"]
[Site "Ffm-Kalbach, LAZ"]
[Date "2008.05.05"]
[Round "2.44"]
[White "Bastian, Holger"]
[Black "Mühlbach, Christian"]
[Result "1-0"]
[WhiteElo "1775"]
[BlackElo "1474"]
[PlyCount "57"]
[EventDate "2008.??.??"]

1. e4 c6 2. d4 d5 3. exd5 cxd5 4. c4 dxc4 5. Bxc4 Nf6 6. Qb3 e6 7. Nf3 Nc6 8.
O-O Be7 9. Rd1 O-O 10. Qc2 Bd7 11. a3 Rc8 12. Qd3 Qb6 13. Nc3 Rfd8 14. Bf4 a6
15. b4 Re8 16. Ng5 h6 17. Nge4 Qd8 18. Bb3 Na7 19. Nxf6+ Bxf6 20. Bc2 Nb5 21.
Qh7+ Kf8 22. a4 Rxc3 23. axb5 Bxb5 24. d5 e5 25. Be3 b6 26. d6 g5 27. Bf5 Bg7
28. d7 Re7 29. Bxb6 1-0

[Event "Frankfurt Ch 2008"]
[Site "Ffm-Kalbach, LAZ"]
[Date "2008.05.05"]
[Round "2.45"]
[White "Castillo, Melchor"]
[Black "Matthis, Peter"]
[Result "0-1"]
[WhiteElo "1439"]
[BlackElo "1775"]
[PlyCount "64"]
[EventDate "2008.??.??"]

1. e4 c6 2. Nf3 d5 3. Nc3 dxe4 4. Nxe4 Bf5 5. Ng3 Bg6 6. Bc4 e6 7. d4 Nd7 8.
Be3 Be7 9. O-O Ngf6 10. Re1 h6 11. c3 O-O 12. Qd2 Nb6 13. Bb3 Nbd5 14. Bxh6
gxh6 15. Qxh6 Bd6 16. Ne5 Bxe5 17. dxe5 Ng4 18. Qh3 Qg5 19. Ne4 Qf4 20. g3 Qf5
21. Re2 Kg7 22. Qg2 Rh8 23. h4 Nxe5 24. Bc2 Nf3+ 25. Kf1 Qg4 26. Ng5 Bxc2 27.
Rxc2 Nxg5 28. hxg5 Rh3 29. Re1 Rah8 30. Kg1 Qxg5 31. Rce2 Qh5 32. Re5 Rh1+ 0-1

[Event "Frankfurt Ch 2008"]
[Site "Ffm-Kalbach, LAZ"]
[Date "2008.05.05"]
[Round "2.46"]
[White "Benikhis, Avram"]
[Black "Krüger, Jens"]
[Result "1-0"]
[WhiteElo "1774"]
[BlackElo "1451"]
[PlyCount "119"]
[EventDate "2008.??.??"]

1. e4 d6 2. d4 Nf6 3. Nc3 g6 4. Be2 Bg7 5. Be3 O-O 6. h4 h5 7. Qd2 Nc6 8. O-O-O
e5 9. d5 Nd4 10. f3 a6 11. Bg5 Qe8 12. Bd3 c6 13. Nge2 cxd5 14. exd5 Nxe2+ 15.
Qxe2 b5 16. Bxf6 Bxf6 17. g4 Bg7 18. Rdg1 f5 19. gxh5 gxh5 20. Qg2 Ra7 21. a3
Re7 22. Kb1 Bd7 23. Qg6 Qxg6 24. Rxg6 Rf6 25. Rg5 Rh6 26. Bxf5 Bxf5 27. Rxf5
Rf7 28. Rxf7 Kxf7 29. Ne4 Ke7 30. Rh2 Bf6 31. Kc1 Rg6 32. Kd2 Kd7 33. Kc3 Bd8
34. Kb4 Rg7 35. a4 bxa4 36. Kxa4 Rf7 37. Rh3 Rf4 38. c4 Rxh4 39. Rg3 Rf4 40.
Rg7+ Be7 41. c5 dxc5 42. d6 Rxe4+ 43. fxe4 Kxd6 44. Rg6+ Kd7 45. Rxa6 h4 46.
Rh6 Ke8 47. Kb5 Kf8 48. Rh5 Kg7 49. b3 Kg6 50. Rxe5 h3 51. Rf5 h2 52. Rf1 Kg5
53. Rh1 Bd6 54. Kc6 Bb8 55. Kd5 Kf6 56. Rf1+ Ke7 57. e5 Ba7 58. Rh1 c4 59. Rxh2
cxb3 60. Rh7+ 1-0

[Event "Frankfurt Ch 2008"]
[Site "Ffm-Kalbach, LAZ"]
[Date "2008.05.05"]
[Round "2.47"]
[White "Plötz, Hans-Jürgen"]
[Black "Kuhn, Luis"]
[Result "1/2-1/2"]
[WhiteElo "1413"]
[BlackElo "1759"]
[PlyCount "65"]
[EventDate "2008.??.??"]

1. d4 d5 2. Nf3 Nf6 3. Bf4 e6 4. e3 Nh5 5. Bg5 Nf6 6. c4 c6 7. Nc3 Be7 8. a3
Nbd7 9. cxd5 exd5 10. Bd3 Nf8 11. h3 Ng6 12. O-O Be6 13. Nh4 Qc7 14. Nf5 Bxf5
15. Bxf5 h6 16. Bxf6 Bxf6 17. b4 O-O 18. Rc1 Ne7 19. Bd3 Qd6 20. Qb3 a6 21. Na4
b5 22. Nc5 Rfb8 23. Bb1 a5 24. Qd3 g6 25. e4 dxe4 26. Nxe4 Qxd4 27. Rfe1 Rd8
28. Qf3 Kg7 29. bxa5 Rd5 30. Rcd1 Qe5 31. Ba2 Rxd1 32. Rxd1 Nd5 33. Bxd5
1/2-1/2

[Event "Frankfurt Ch 2008"]
[Site "Ffm-Kalbach, LAZ"]
[Date "2008.05.05"]
[Round "2.48"]
[White "Gauf, Wolfgang"]
[Black "Scheerer, Michael"]
[Result "1-0"]
[WhiteElo "1758"]
[BlackElo "1435"]
[PlyCount "47"]
[EventDate "2008.??.??"]

1. d4 e6 2. c4 d5 3. Nf3 Nf6 4. g3 c6 5. Bg2 Be7 6. O-O O-O 7. Qc2 b6 8. Ne5
Bb7 9. Nd2 Nbd7 10. Ndf3 Rc8 11. Qa4 a6 12. Bd2 dxc4 13. Qxc4 b5 14. Qd3 c5 15.
Nxd7 Qxd7 16. Ne5 Qc7 17. Ba5 Qxa5 18. Bxb7 Rc7 19. Bg2 cxd4 20. Qxd4 Rd8 21.
Qf4 Qd2 22. e3 g6 23. Nc6 Nd5 24. Bxd5 1-0

[Event "Frankfurt Ch 2008"]
[Site "Ffm-Kalbach, LAZ"]
[Date "2008.05.05"]
[Round "2.49"]
[White "Will, Karsten"]
[Black "Plattner, Rolf"]
[Result "0-1"]
[WhiteElo "1429"]
[BlackElo "1922"]
[PlyCount "64"]
[EventDate "2008.??.??"]

1. e4 c5 2. Nf3 d6 3. d4 cxd4 4. Nxd4 Nf6 5. Nc3 a6 6. Be2 e6 7. Bg5 Be7 8. O-O
Nbd7 9. Qd3 Qc7 10. Rad1 O-O 11. Rfe1 b5 12. Bf3 Ne5 13. Qe3 Nxf3+ 14. Nxf3 Bb7
15. e5 dxe5 16. Qxe5 Qc6 17. Rd3 Rfe8 18. Red1 b4 19. Ne2 Qxc2 20. R3d2 Qc6 21.
Rc1 Qe4 22. Rd4 Qxe5 23. Nxe5 Nd5 24. Bd2 Bf6 25. f4 Be7 26. b3 Rac8 27. Rdc4
Nb6 28. Rc7 Rb8 29. Nc6 Bxc6 30. R1xc6 Nd5 31. Ra7 Ra8 32. Rcxa6 Bc5+ 0-1

[Event "Frankfurt Ch 2008"]
[Site "Ffm-Kalbach, LAZ"]
[Date "2008.05.05"]
[Round "2.50"]
[White "Mahnke, Ralf"]
[Black "Lehmann, Gerit"]
[Result "1-0"]
[WhiteElo "1751"]
[BlackElo "1427"]
[PlyCount "129"]
[EventDate "2008.??.??"]

1. d4 d5 2. c4 e6 3. Nc3 Nf6 4. Bg5 Nbd7 5. e3 c6 6. Nf3 Be7 7. Rc1 b6 8. Bd3
Bb7 9. O-O O-O 10. a3 dxc4 11. Bxc4 Nd5 12. Bxe7 Qxe7 13. Ba2 Rac8 14. Qa4 a6
15. Bb1 Rc7 16. Qc2 g6 17. Qe4 N7f6 18. Qh4 Nh5 19. Qh3 Bc8 20. g4 Ng7 21. Kh1
Nxc3 22. Rxc3 Bb7 23. Be4 f5 24. gxf5 exf5 25. Bd3 Rfc8 26. Kg1 c5 27. Bc4+ Kh8
28. Ne5 Qg5+ 29. Qg3 Qxg3+ 30. hxg3 cxd4 31. exd4 Rf8 32. Rfc1 Ne8 33. Bb3 Re7
34. Re3 Kg7 35. Kf1 Nf6 36. Rec3 Bd5 37. Bxd5 Nxd5 38. Rc6 Rf6 39. Rxf6 Kxf6
40. Rc6+ Kg7 41. Rd6 Nc7 42. Rxb6 Re6 43. Rb7 Re7 44. Ke2 Nd5 45. Rxe7+ Nxe7
46. b4 Kf6 47. Nd7+ Ke6 48. Nc5+ Kd5 49. Kd3 Nc6 50. Nxa6 Nxd4 51. Nc7+ Ke5 52.
b5 Nb3 53. Kc4 Na5+ 54. Kb4 Nb7 55. b6 Kd6 56. Kb5 f4 57. a4 h5 58. a5 Nxa5 59.
Kxa5 Kc6 60. Ka6 fxg3 61. fxg3 g5 62. Ne6 h4 63. Nxg5 hxg3 64. b7 Kc7 65. Ka7
1-0

[Event "Frankfurt Ch 2008"]
[Site "Ffm-Kalbach, LAZ"]
[Date "2008.05.05"]
[Round "2.51"]
[White "Grimm, Heinz-Peter"]
[Black "Förster, Rudi"]
[Result "0-1"]
[WhiteElo "1402"]
[BlackElo "1914"]
[PlyCount "74"]
[EventDate "2008.??.??"]

1. d4 d5 2. Nc3 Bf5 3. Bf4 c6 4. e3 Nf6 5. Bd3 Bg6 6. Nf3 e6 7. O-O Nbd7 8. a3
Be7 9. Re1 Nh5 10. Qd2 Bxd3 11. Qxd3 Nxf4 12. exf4 O-O 13. Ne5 Bd6 14. Re3 c5
15. Rh3 g6 16. Nxd7 Qxd7 17. dxc5 Bxc5 18. Ne4 Be7 19. Qd4 Qd8 20. Ng3 Bf6 21.
Qb4 Qc7 22. c3 Rab8 23. Rd1 a5 24. Qb5 Qxf4 25. Qxa5 b5 26. Qa7 Qa4 27. Qxa4
bxa4 28. Rd2 Rb3 29. Ne2 Rfb8 30. f3 Rxb2 31. Rxb2 Rxb2 32. Kf1 Rb3 33. f4 Rxa3
34. Ke1 Ra2 35. Rd3 a3 36. Kd1 Rb2 37. Kc1 Rxe2 0-1

[Event "Frankfurt Ch 2008"]
[Site "Ffm-Kalbach, LAZ"]
[Date "2008.05.05"]
[Round "2.52"]
[White "Arnold, Michael"]
[Black "Bongardt, Torsten"]
[Result "1-0"]
[WhiteElo "1733"]
[BlackElo "1417"]
[PlyCount "29"]
[EventDate "2008.??.??"]

1. e4 d5 2. exd5 Qxd5 3. d4 Nf6 4. Nc3 Qa5 5. Nf3 e6 6. Bd3 Be7 7. O-O O-O 8.
Qe2 Re8 9. Bd2 c5 10. Ne4 Qd8 11. dxc5 Nc6 12. Rad1 Nd4 13. Nxd4 Qxd4 14. Bc3
Qd8 15. Nxf6+ 1-0

[Event "Frankfurt Ch 2008"]
[Site "Ffm-Kalbach, LAZ"]
[Date "2008.05.05"]
[Round "2.54"]
[White "Kannenberg, Carl-Fr"]
[Black "Lopez-Fuertes, Victor"]
[Result "1-0"]
[WhiteElo "1959"]
[BlackElo "1411"]
[PlyCount "47"]
[EventDate "2008.??.??"]

1. e4 c5 2. Nf3 Nc6 3. d4 cxd4 4. Nxd4 e5 5. Nb5 d6 6. N1c3 a6 7. Na3 b5 8. Nd5
Be6 9. c3 Bxd5 10. exd5 Nce7 11. Nxb5 Qb8 12. Na3 Nf6 13. Qa4+ Kd8 14. Qa5+ Kd7
15. c4 Ne4 16. f3 Nc5 17. b4 Nb7 18. Qa4+ Kc7 19. Be3 Nc8 20. Bd3 a5 21. Bf5
Nb6 22. Bxb6+ Kxb6 23. Qc6+ Ka7 24. Nb5# 1-0

[Event "Frankfurt Ch 2008"]
[Site "Ffm-Kalbach, LAZ"]
[Date "2008.05.05"]
[Round "2.55"]
[White "Grohmüller, Robert"]
[Black "Schirmer, Karl-Heinz"]
[Result "0-1"]
[WhiteElo "1350"]
[BlackElo "1716"]
[PlyCount "76"]
[EventDate "2008.??.??"]

1. d4 e6 2. c4 Nf6 3. Bg5 d5 4. Nc3 Be7 5. Nf3 O-O 6. g3 c6 7. Bg2 Nbd7 8. O-O
dxc4 9. a4 Nd5 10. Bxe7 Qxe7 11. e4 N5f6 12. Qe2 b6 13. Qxc4 Bb7 14. Rfe1 Rac8
15. Rad1 e5 16. Qd3 exd4 17. Nxd4 g6 18. Qe3 Ng4 19. Qe2 Ngf6 20. e5 Nd5 21.
Nxd5 cxd5 22. Nb5 Ba6 23. Bxd5 Nc5 24. Bc4 Rcd8 25. Qg4 Rxd1 26. Qxd1 Rd8 27.
Qf3 Bxb5 28. Bxb5 Kg7 29. Bc4 Nxa4 30. b3 Nc5 31. b4 Ne6 32. b5 Rd4 33. Qc6 Nc5
34. Bd5 Rd2 35. Bf3 Nd3 36. Be2 Nxe1 37. Kf1 Nc2 38. Bf3 Nd4 0-1

[Event "Frankfurt Ch 2008"]
[Site "Ffm-Kalbach, LAZ"]
[Date "2008.05.05"]
[Round "2.57"]
[White "Ortiz-Rodriguez, José"]
[Black "Barisch, Florian"]
[Result "0-1"]
[WhiteElo "1249"]
[BlackElo "1713"]
[PlyCount "60"]
[EventDate "2008.??.??"]

1. e4 c5 2. Nc3 Nc6 3. Nf3 d6 4. Bc4 Nf6 5. O-O Bg4 6. h3 Bh5 7. Be2 Bxf3 8.
Bxf3 Qd7 9. d3 g6 10. b3 Bg7 11. Bb2 O-O 12. Rb1 Nd4 13. Bg4 Nxg4 14. Qxg4 Qxg4
15. hxg4 Nxc2 16. Nd5 Rae8 17. Bxg7 Kxg7 18. Nc7 Rc8 19. Nd5 e6 20. Nf4 Nd4 21.
a4 a5 22. g5 b5 23. Nh3 Rb8 24. axb5 Rxb5 25. f4 Rxb3 26. Ra1 Ra8 27. Nf2 a4
28. g3 a3 29. Rfd1 a2 30. Ng4 Nc2 0-1

[Event "Frankfurt Ch 2008"]
[Site "Ffm-Kalbach, LAZ"]
[Date "2008.05.05"]
[Round "2.58"]
[White "Haftmann, Rainer"]
[Black "Stulken, Dietmar"]
[Result "1-0"]
[WhiteElo "1859"]
[BlackElo "1352"]
[PlyCount "79"]
[EventDate "2008.??.??"]

1. e4 e5 2. Nf3 Nc6 3. Bb5 a6 4. Ba4 Nf6 5. O-O Be7 6. Re1 b5 7. Bb3 d6 8. c3
O-O 9. h3 Na5 10. Bc2 c5 11. d4 Qc7 12. Nbd2 Re8 13. Nf1 Bd7 14. Bg5 h6 15. Bh4
Rac8 16. Rc1 Qb7 17. Bb1 cxd4 18. cxd4 exd4 19. Rxc8 Qxc8 20. Nxd4 Nc6 21. Nxc6
Qxc6 22. Qd3 Qc4 23. Qd2 Qc5 24. e5 Ne4 25. Rxe4 Bf5 26. Bxe7 Bxe4 27. Bxd6 Qc6
28. Bxe4 Qxe4 29. Qe3 Qd5 30. Qa3 Rc8 31. Kh2 Rc1 32. Ng3 Qd1 33. Ne4 Qd4 34.
Qf3 Qxb2 35. Qg4 Kh7 36. Qf5+ Kg8 37. e6 fxe6 38. Qxe6+ Kh7 39. Be5 Qb4 40.
Nf6+ 1-0

[Event "Frankfurt Ch 2008"]
[Site "Ffm-Kalbach, LAZ"]
[Date "2008.05.05"]
[Round "2.59"]
[White "Liebske, Reiner"]
[Black "Breitbach, Stephan"]
[Result "1-0"]
[WhiteElo "1702"]
[BlackElo "1330"]
[PlyCount "67"]
[EventDate "2008.??.??"]

1. e4 c5 2. Nf3 Nc6 3. d4 cxd4 4. Nxd4 d6 5. Be2 Nf6 6. Nc3 e6 7. Bg5 a6 8. Nb3
Be7 9. Qd2 O-O 10. O-O-O Ne8 11. h4 b5 12. Bf4 Bb7 13. Bf3 b4 14. Na4 a5 15.
Qe3 Ba6 16. Nac5 e5 17. Bg3 Qc7 18. Nxa6 Rxa6 19. Be2 Ra8 20. Kb1 a4 21. Nc1
Nd4 22. Bd3 Nf6 23. Ne2 Nxe2 24. Qxe2 a3 25. Qd2 d5 26. exd5 axb2 27. d6 Bxd6
28. Bxh7+ Kxh7 29. Qxd6 Qa5 30. Qd3+ Kg8 31. Qb3 Ne4 32. Kxb2 Rfc8 33. Rd7 Ra7
34. Qxf7+ 1-0

[Event "Frankfurt Ch 2008"]
[Site "Ffm-Kalbach, LAZ"]
[Date "2008.05.05"]
[Round "2.60"]
[White "Richter, Edgar"]
[Black "Cammarata, Mattia"]
[Result "0-1"]
[WhiteElo "1246"]
[BlackElo "1691"]
[PlyCount "62"]
[EventDate "2008.??.??"]

1. d4 d5 2. Nf3 Bg4 3. Nbd2 Nf6 4. g3 e6 5. Bg2 c5 6. b3 cxd4 7. Nxd4 e5 8.
N4f3 Nc6 9. Bb2 Bd6 10. O-O Qd7 11. c4 d4 12. Ng5 O-O 13. Nge4 Nxe4 14. Nxe4 f5
15. Nxd6 Qxd6 16. Qd2 e4 17. e3 d3 18. f3 exf3 19. Bxf3 Bxf3 20. Rxf3 Rad8 21.
a4 Qb4 22. Qxb4 Nxb4 23. Ba3 Nc2 24. Bxf8 Nxa1 25. Bc5 d2 26. Bd4 d1=Q+ 27. Rf1
Qxf1+ 28. Kxf1 Nxb3 29. Bxa7 Nd2+ 30. Kg2 Nxc4 31. a5 Ra8 0-1

[Event "Frankfurt Ch 2008"]
[Site "Ffm-Kalbach, LAZ"]
[Date "2008.05.05"]
[Round "2.61"]
[White "Rausch, Wolfgang"]
[Black "Fischer, Ulrich"]
[Result "1-0"]
[WhiteElo "1673"]
[BlackElo "1256"]
[PlyCount "116"]
[EventDate "2008.??.??"]

1. c4 e6 2. Nc3 d5 3. d4 c5 4. Nf3 Nc6 5. Bf4 a6 6. e3 Nf6 7. Be2 Be7 8. O-O
O-O 9. dxc5 Bxc5 10. cxd5 exd5 11. a3 d4 12. exd4 Nxd4 13. Nxd4 Qxd4 14. Qa4
Bg4 15. Bxg4 Nxg4 16. Rad1 Qxa4 17. Nxa4 Ba7 18. h3 Nf6 19. Rfe1 Rfe8 20. Be5
Re6 21. Bxf6 Rxf6 22. Re2 g6 23. Kf1 Rc8 24. Nc3 Rfc6 25. Re7 R6c7 26. Rdd7
Rxd7 27. Rxd7 Bb8 28. Rxb7 Be5 29. Ne2 Rc2 30. b3 Ra2 31. f4 Bg7 32. a4 a5 33.
Rb5 Rb2 34. Rxa5 Rxb3 35. Ra8+ Bf8 36. Ke1 Kg7 37. Kd2 Bc5 38. Rc8 Bf2 39. Rc3
Rb2+ 40. Rc2 Rb3 41. Ra2 Be3+ 42. Kc2 Rb4 43. Kc3 Rb7 44. a5 Ba7 45. a6 Rb6 46.
Nd4 Rf6 47. g3 g5 48. fxg5 Rf1 49. Nb5 Rf3+ 50. Kc4 Bb6 51. Ra3 Rxa3 52. Nxa3
f6 53. Kd5 Kg6 54. gxf6 Kxf6 55. Ke4 Kg5 56. Nb5 h5 57. a7 Bxa7 58. Nxa7 h4 1-0

[Event "Frankfurt Ch 2008"]
[Site "Ffm-Kalbach, LAZ"]
[Date "2008.05.05"]
[Round "2.63"]
[White "Gottlieb, Herbert"]
[Black "Truxa, Barbara"]
[Result "1-0"]
[WhiteElo "1658"]
[BlackElo "1248"]
[PlyCount "55"]
[EventDate "2008.??.??"]

1. d4 Nf6 2. Nf3 d5 3. e3 e6 4. Bd3 Nbd7 5. Nbd2 Bd6 6. O-O c6 7. e4 dxe4 8.
Nxe4 Be7 9. Re1 Nxe4 10. Bxe4 O-O 11. c3 Nf6 12. Bc2 Qc7 13. Qd3 c5 14. Ng5 c4
15. Qh3 h6 16. Ne4 e5 17. Nxf6+ Bxf6 18. Qg3 g5 19. dxe5 Re8 20. f4 Qe7 21. Be3
Bg7 22. Bd4 gxf4 23. Qxf4 Be6 24. Re3 Qg5 25. Qe4 f5 26. exf6 Bxf6 27. Rg3
Bxd4+ 28. cxd4 1-0

[Event "Frankfurt Ch 2008"]
[Site "Ffm-Kalbach, LAZ"]
[Date "2008.05.05"]
[Round "2.65"]
[White "Bender, Manfred"]
[Black "Krüger, Manfred"]
[Result "1-0"]
[WhiteElo "1821"]
[BlackElo "1690"]
[PlyCount "85"]
[EventDate "2008.??.??"]

1. e4 e5 2. Nf3 Nc6 3. d4 exd4 4. Nxd4 Nxd4 5. Qxd4 d6 6. Nc3 Be6 7. Be3 a6 8.
Be2 c5 9. Qd2 Be7 10. O-O Nf6 11. Rad1 Qc8 12. Bf4 Qc7 13. Bxd6 Bxd6 14. Qxd6
Qxd6 15. Rxd6 O-O 16. Rfd1 Ne8 17. R6d2 Nc7 18. f4 f5 19. e5 b5 20. Bf3 Rab8
21. Rd6 b4 22. Na4 Rb5 23. b3 c4 24. Rc6 Rc8 25. Nb6 Rxb6 26. Rxb6 cxb3 27.
cxb3 Bf7 28. Rxb4 Ne6 29. Ra4 g5 30. g3 gxf4 31. gxf4 Rc3 32. Bd5 Nc5 33. Bxf7+
Kxf7 34. Ra5 Kg6 35. b4 Ne4 36. Rxa6+ Kh5 37. b5 Nc5 38. Rc6 Ne4 39. Rxc3 Nxc3
40. b6 Nxd1 41. b7 Kg4 42. b8=Q Kxf4 43. e6+ 1-0